LEADER 00794nam a2200181 i 4500 001 000000215726 003 CaOOAMICUS 005 20120906000000.0 008 120906s1825 it u000 u ita u 013 $a194601 026 $atoe- 3.e. 9.o- (1'' (3) 1825 (A) 040 $aSeMil$bita 245 10$aVol. 11. 300 $a295, [1] p. 773 0 $aBergier, Nicolas-Sylvestre <1718-1790>$tTrattato storico-dogmatico della vera religione colla confutazione degli errori, che le sono stati opposti ne' differenti secoli del signor abbate Bergier ... Vol. 1. [-16.].$dVenezia : Dalla tipografia di Girolamo Tasso, 1823-1826.$g11$w()27335 850 $aSeMil 852 $aSeMil$W1$xVenegono$y1$m2B II 73 FA$j166146$B166146$CSeMilBibl$Z2$F177087 $8I 996 $6245$aVol. 11$9(OLS)http://semarc/title/111152 LEADER 01123nam a2200265 i 4500 001 000000061381 003 CaOOAMICUS 005 20140107000000.0 008 140107s1998 xx u000 u fre u 013 $a32553 020 $a2-204-05811-4 040 $aSeMil$bita 100 1 $aManns, Frédéric,$c.$0(OLS)http://semarc/name/90520 245 14$aUne approche juive du Nouveau Testament /$cFrédéric Manns. 260 $aParis :$bLes Éditions du Cerf,$c1998. 300 $a298 p. ;$c22 cm. 490 0 $aInitiations bibliques 650 4$aBibbia. Nuovo Testamento - Commentari, studi, critica, interpretazioni.$0(OLS)http://semarc/subject/184 830 0$aInitiations bibliques.$0(OLS)http://semarc/title/12822 850 $aSeMil 852 $aSeMil$W1$xVenegono$y1$m2W III 233$j27534$B27534$CSeMilBibl$Z2$F27537 $81 961 $aAcquisto: Casa editrice 996 $6020$a2-204-05811-4$9(OLS)http://semarc/number/37660 996 $6245$aUne approche juive du Nouveau Testament$9(OLS)http://semarc/title/96430 996 $6260$aParis :$bLes Éditions du Cerf$9(OLS)http://semarc/publisher/29611